[Event "Aut_2. Bundesliga Ost 2005/06"]
[Site "?"]
[Date "2005.11.19"]
[Round "3.2"]
[White "Vyskocil, Neklan"]
[Black "Banas, Jan"]
[Result "1-0"]
[WhiteElo "2318"]
[BlackElo "2374"]
[PlyCount "109"]
[EventDate "2005.10.08"]

1. e4 c5 2. Nf3 d6 3. d4 cxd4 4. Nxd4 Nf6 5. Nc3 Nc6 6. Be2 g6 7. Bg5 Bg7 8.
Nb3 O-O 9. Qd2 Be6 10. Bh6 d5 11. Bxg7 Kxg7 12. exd5 Bxd5 13. Nxd5 Qxd5 14.
Qxd5 Nxd5 15. O-O-O Nf6 16. Bf3 Rac8 17. Rhe1 e6 18. Nd4 Nxd4 19. Rxd4 Rc7 20.
Re5 Rfc8 21. c3 b6 22. Kc2 Nd7 23. Re1 Kf6 24. a4 Ke7 25. a5 bxa5 26. Ra4 Rc5
27. Rea1 R8c7 28. Rxa5 Rxa5 29. Rxa5 f5 30. b4 e5 31. Be2 e4 32. c4 Nb8 33. Kc3
Nc6 34. Ra6 Nb8 35. Ra2 Nc6 36. c5 Ne5 37. Kd4 Nc6+ 38. Kc4 Ke6 39. Ra6 Ke5 40.
b5 Nd4 41. f4+ exf3 42. Bxf3 Nxf3 43. gxf3 g5 44. Ra3 h5 45. c6 g4 46. Kc5 f4
47. b6 axb6+ 48. Kxb6 Rg7 49. c7 Rxc7 50. Kxc7 g3 51. Rd3 gxh2 52. Rd1 h4 53.
Kc6 h1=Q 54. Rxh1 Kd4 55. Re1 1-0

[Event "Aut_2. Bundesliga Ost 2005/06"]
[Site "?"]
[Date "2005.11.19"]
[Round "3.2"]
[White "Chulis, Alexander"]
[Black "Hangweyrer, Roman"]
[Result "0-1"]
[WhiteElo "2157"]
[BlackElo "2193"]
[PlyCount "74"]
[EventDate "2005.10.08"]

1. e4 c5 2. Ne2 Nc6 3. c4 Nf6 4. Nbc3 g6 5. d4 cxd4 6. Nxd4 Bg7 7. Be3 O-O 8.
Be2 d6 9. O-O Bd7 10. Qd2 Nxd4 11. Bxd4 Bc6 12. f3 a5 13. b3 Nd7 14. Be3 Nc5
15. Rab1 Qb6 16. Rfc1 Rfc8 17. a3 Qd8 18. Bd1 f5 19. exf5 gxf5 20. b4 axb4 21.
axb4 Ne6 22. Nd5 Ra3 23. Bb3 Kh8 24. Re1 Nc7 25. Bh6 Bxh6 26. Qb2+ Bg7 27. Qxa3
Bd4+ 28. Kh1 e5 29. Nxc7 Qxc7 30. Bc2 Qf7 31. Rbd1 Qxc4 32. Bxf5 Rf8 33. Be4
Bxe4 34. Rxe4 d5 35. Rc1 Qxc1+ 36. Qxc1 dxe4 37. fxe4 Ra8 0-1

[Event "Aut_2. Bundesliga Ost 2005/06"]
[Site "?"]
[Date "2005.11.19"]
[Round "3.2"]
[White "Janetschek, Karl"]
[Black "Kren, Andreas"]
[Result "1-0"]
[WhiteElo "2310"]
[BlackElo "2134"]
[PlyCount "59"]
[EventDate "2005.10.08"]

1. e4 d6 2. d4 Nf6 3. Nc3 g6 4. Bc4 Bg7 5. Qe2 Nc6 6. Nf3 Bg4 7. Be3 O-O 8.
O-O-O e5 9. dxe5 Nxe5 10. Bb3 Qb8 11. h3 Bxf3 12. gxf3 a6 13. f4 Nc6 14. f5 Na5
15. fxg6 Nxb3+ 16. axb3 fxg6 17. f4 Qe8 18. Qd3 Qf7 19. Rhf1 Rfe8 20. Rde1 Rad8
21. Kb1 Qd7 22. f5 gxf5 23. exf5 Qc6 24. Bd4 Rxe1+ 25. Rxe1 Re8 26. Rg1 Kf7 27.
Qg3 Nh5 28. Qg4 Bxd4 29. Qxh5+ Ke7 30. Qh4+ 1-0

[Event "Aut_2. Bundesliga Ost 2005/06"]
[Site "?"]
[Date "2005.11.19"]
[Round "3.3"]
[White "Varga, Zoltan"]
[Black "Loeffler, Stefan"]
[Result "1/2-1/2"]
[WhiteElo "2525"]
[BlackElo "2440"]
[PlyCount "36"]
[EventDate "2005.10.08"]

1. e4 c5 2. Nf3 d6 3. d4 cxd4 4. Nxd4 Nf6 5. f3 e5 6. Nb3 a5 7. Bb5+ Nc6 8. c4
Be7 9. Be3 O-O 10. Nc3 Na7 11. Ba4 Be6 12. Qe2 Nd7 13. Rd1 Nb6 14. c5 Nxa4 15.
Nxa4 Qc7 16. Nb6 dxc5 17. Nxa8 Rxa8 18. O-O a4 1/2-1/2

[Event "Aut_2. Bundesliga Ost 2005/06"]
[Site "?"]
[Date "2005.11.19"]
[Round "3.3"]
[White "Ranits, Franz"]
[Black "Schneider-Zinner, Harald"]
[Result "1/2-1/2"]
[WhiteElo "2260"]
[BlackElo "2365"]
[PlyCount "70"]
[EventDate "2005.10.08"]

1. e4 e6 2. d4 d5 3. e5 c5 4. c3 Nc6 5. Nf3 Bd7 6. Be2 Rc8 7. O-O cxd4 8. cxd4
Nge7 9. Nc3 Ng6 10. Re1 Be7 11. Bd3 O-O 12. Ne2 Qb6 13. Bd2 Nb4 14. Bb1 Bb5 15.
Bc3 Rc7 16. Qd2 Bxe2 17. Qxe2 Nc6 18. h4 Rfc8 19. h5 Nf8 20. Qd2 Bb4 21. Bxb4
Qxb4 22. Qxb4 Nxb4 23. Rd1 f6 24. Kf1 Nc2 25. Bxc2 Rxc2 26. Rab1 Nd7 27. Ke1
Kf7 28. Rd2 R2c4 29. b3 Rc3 30. Rbd1 b5 31. Rd3 Rc2 32. R3d2 R2c6 33. Ke2 Ra6
34. Rb2 Rac6 35. Kd2 h6 1/2-1/2

[Event "Aut_2. Bundesliga Ost 2005/06"]
[Site "?"]
[Date "2005.11.19"]
[Round "3.3"]
[White "Kocsisek, Marcus"]
[Black "Zojer, Stefan"]
[Result "1-0"]
[WhiteElo "2209"]
[BlackElo "2084"]
[PlyCount "87"]
[EventDate "2005.10.08"]

1. d4 f5 2. Bg5 Nf6 3. Bxf6 exf6 4. e3 g6 5. Bd3 Bg7 6. Ne2 O-O 7. h4 d6 8. Nf4
Bh6 9. Qf3 c6 10. Nd2 a5 11. O-O-O Na6 12. c3 Bd7 13. h5 g5 14. Ne2 Be6 15.
Bxf5 Qd7 16. Ng3 Qf7 17. Bxe6 Qxe6 18. Nf5 Bg7 19. h6 Bh8 20. d5 cxd5 21. Nb3
Nc7 22. Rd4 a4 23. Nd2 a3 24. b3 Nb5 25. Rd3 Rac8 26. Qxd5 Qxd5 27. Ne7+ Kf7
28. Nxd5 f5 29. c4 Na7 30. Nf3 Bb2+ 31. Kd2 g4 32. Ng5+ Kg6 33. Ne6 Rfe8 34.
Ndf4+ Kf7 35. Rxd6 Nc6 36. Rd7+ Re7 37. Ng5+ Ke8 38. Rxe7+ Kxe7 39. Nd5+ Ke8
40. Nxh7 Kf7 41. Ng5+ Kg6 42. Ne6 Kf7 43. Nef4 Rd8 44. Ke2 1-0

[Event "Aut_2. Bundesliga Ost 2005/06"]
[Site "?"]
[Date "2005.11.19"]
[Round "3.3"]
[White "Filip, Daniel"]
[Black "Galavics, Hermann"]
[Result "1-0"]
[WhiteElo "2061"]
[BlackElo "2099"]
[PlyCount "67"]
[EventDate "2005.10.08"]

1. e4 e6 2. d3 d5 3. Nd2 Nf6 4. Ngf3 c5 5. g3 Nc6 6. Bg2 Be7 7. O-O O-O 8. Re1
b5 9. e5 Nd7 10. h4 a5 11. Nf1 b4 12. N1h2 Ba6 13. Bf4 Bb5 14. h5 a4 15. a3
bxa3 16. bxa3 Rb8 17. Qd2 c4 18. d4 Qa5 19. Qe3 Rfc8 20. Ng4 Qd8 21. Rad1 Rb7
22. Bg5 Ba6 23. h6 g6 24. Qf4 Bxg5 25. Nxg5 Qe7 26. Bxd5 exd5 27. e6 fxe6 28.
Rxe6 Qf8 29. Nf6+ Nxf6 30. Rxf6 Qxh6 31. Kg2 Rf8 32. Rh1 Qg7 33. Nxh7 Rxf6 34.
Nxf6+ 1-0

[Event "Aut_2. Bundesliga Ost 2005/06"]
[Site "?"]
[Date "2005.11.19"]
[Round "3.4"]
[White "Froeschl, Felix"]
[Black "Ganaus, Hannes"]
[Result "1/2-1/2"]
[WhiteElo "2218"]
[BlackElo "2320"]
[PlyCount "49"]
[EventDate "2005.10.08"]

1. d4 e6 2. Nf3 c5 3. e3 b6 4. Bd3 Nf6 5. O-O Bb7 6. Nbd2 Be7 7. b3 O-O 8. Bb2
d6 9. Qe2 Nbd7 10. Rfd1 a6 11. c3 g6 12. e4 Nh5 13. Qe3 f6 14. Bc4 Ng7 15. a4
Qc7 16. Rac1 Kh8 17. Bf1 Rae8 18. Qh6 e5 19. Bc4 f5 20. dxe5 Nxe5 21. Nxe5 dxe5
22. Bd5 Bxd5 23. exd5 Bf6 24. c4 Nh5 25. Nf3 1/2-1/2

[Event "Aut_2. Bundesliga Ost 2005/06"]
[Site "?"]
[Date "2005.11.19"]
[Round "3.4"]
[White "Neumeier, Klaus"]
[Black "Zsifkovits, Robert"]
[Result "1-0"]
[WhiteElo "2275"]
[BlackElo "2224"]
[PlyCount "133"]
[EventDate "2005.10.08"]

1. e4 e5 2. Nf3 Nf6 3. d4 Nxe4 4. Bd3 d5 5. Nxe5 Nd7 6. Nxd7 Bxd7 7. O-O Bd6 8.
Nc3 Nxc3 9. bxc3 O-O 10. Qh5 f5 11. Re1 g6 12. Qf3 c6 13. Bf4 Qc7 14. Bxd6 Qxd6
15. c4 Rae8 16. c5 Qc7 17. c4 Be6 18. Rxe6 Rxe6 19. cxd5 Ree8 20. Bc4 Kg7 21.
Qc3 Qe7 22. Rb1 cxd5 23. Bxd5 b6 24. c6 Qd6 25. Bf3 Re7 26. Rc1 h5 27. d5+ Kh7
28. Qd2 Rfe8 29. g3 Rc7 30. Kg2 Rd8 31. Qg5 Re8 32. Rd1 Rce7 33. h4 Rf8 34. Rd4
Rc7 35. Rd2 Re7 36. Rd4 Rc7 37. Rd3 Re7 38. Re3 Rxe3 39. Qxe3 Kg7 40. Qd4+ Kf7
41. Qa4 a5 42. Qb3 Rb8 43. Qe3 Kf6 44. Qh6 b5 45. Qd2 a4 46. Qd4+ Kf7 47. Qa7+
Kf6 48. Qa6 Kg7 49. Qa7+ Kg8 50. Qe3 Kf7 51. Kh2 a3 52. Qh6 Rg8 53. Bd1 Qc5 54.
Qf4 Re8 55. Bb3 Kg7 56. Kg2 Re4 57. Qd2 Qd6 58. Qc3+ Kh7 59. c7 Rc4 60. c8=Q
Qxd5+ 61. Kg1 Rxc3 62. Qxc3 Qb7 63. Qf6 Qc8 64. Qe7+ Kh6 65. Kh2 Qa8 66. Bf7 f4
67. Qg5+ 1-0

[Event "Aut_2. Bundesliga Ost 2005/06"]
[Site "?"]
[Date "2005.11.19"]
[Round "3.4"]
[White "Wallner, Alfred"]
[Black "Weissenbeck, Manuel"]
[Result "0-1"]
[WhiteElo "2246"]
[BlackElo "2278"]
[PlyCount "56"]
[EventDate "2005.10.08"]

1. e4 c5 2. Nf3 Nc6 3. d4 cxd4 4. Nxd4 Nf6 5. Nc3 d6 6. Bc4 e6 7. Be3 Be7 8.
Qe2 a6 9. O-O-O Qc7 10. Rhg1 Na5 11. Bd3 b5 12. g4 Nd7 13. f4 b4 14. Nb1 Nc5
15. Nd2 Bb7 16. Kb1 Rc8 17. Rc1 O-O 18. g5 Rfe8 19. Rg3 Nxd3 20. Qxd3 Nc4 21.
N2f3 Bf8 22. Rh3 g6 23. Rh4 Bg7 24. Bf2 e5 25. fxe5 dxe5 26. Ne2 Red8 27. Qb3
Rd2 28. Nfg1 Rxe2 0-1

[Event "Aut_2. Bundesliga Ost 2005/06"]
[Site "?"]
[Date "2005.11.19"]
[Round "3.4"]
[White "Wanderer, Thomas"]
[Black "Kreindl, Helmut"]
[Result "1/2-1/2"]
[WhiteElo "2240"]
[BlackElo "2233"]
[PlyCount "27"]
[EventDate "2005.10.08"]

1. e4 d5 2. exd5 Nf6 3. Bb5+ Bd7 4. Be2 Nxd5 5. d4 Bf5 6. Nf3 e6 7. O-O Be7 8.
a3 O-O 9. c4 Nf6 10. Nc3 Ne4 11. Nxe4 Bxe4 12. Bd3 Bxd3 13. Qxd3 c6 14. Bf4
1/2-1/2

[Event "Aut_2. Bundesliga Ost 2005/06"]
[Site "?"]
[Date "2005.11.19"]
[Round "3.4"]
[White "Ernst, Michael"]
[Black "Hechl, Gerald"]
[Result "1/2-1/2"]
[WhiteElo "2181"]
[BlackElo "2215"]
[PlyCount "50"]
[EventDate "2005.10.08"]

1. d4 e6 2. c4 b6 3. Nc3 Bb7 4. e3 Bb4 5. Nf3 f5 6. Bd3 Nf6 7. O-O Bxc3 8. bxc3
O-O 9. Nd2 Nc6 10. f3 Ne7 11. e4 Nh5 12. Nb3 Ng6 13. exf5 Ngf4 14. Be4 d5 15.
cxd5 exf5 16. Bc2 a5 17. Bxf4 Nxf4 18. Qd2 Nxd5 19. Rae1 Qd6 20. Nc1 Qc6 21.
Bb3 a4 22. Bxd5+ Qxd5 23. Re5 Qf7 24. Rfe1 Qg6 25. Qe3 Bc6 1/2-1/2

[Event "Aut_2. Bundesliga Ost 2005/06"]
[Site "?"]
[Date "2005.11.19"]
[Round "3.4"]
[White "Mayr, Thomas"]
[Black "Petschar, Hans"]
[Result "1-0"]
[WhiteElo "2128"]
[BlackElo "2100"]
[PlyCount "75"]
[EventDate "2005.10.08"]

1. e4 e6 2. d4 d5 3. exd5 exd5 4. Bd3 Nc6 5. c3 Bd6 6. h3 Nge7 7. Qc2 Ng6 8.
Nf3 Qe7+ 9. Kd1 Be6 10. Bg5 Qd7 11. Nbd2 Nf4 12. Bxf4 Bxf4 13. Re1 h6 14. Nb3
Bd6 15. Ne5 Nxe5 16. dxe5 Be7 17. f4 d4 18. Nxd4 O-O-O 19. Ke2 c5 20. Nxe6 fxe6
21. Rad1 Rhf8 22. Be4 Qb5+ 23. c4 Qb4 24. a3 Qb6 25. Rxd8+ Qxd8 26. Qb3 Qc7 27.
Rf1 b6 28. Qa4 a5 29. g3 Rd8 30. Rd1 Rxd1 31. Qxd1 Qd7 32. Qxd7+ Kxd7 33. Kf3
g5 34. f5 exf5 35. Bxf5+ Kc6 36. Kg4 b5 37. b3 a4 38. bxa4 1-0

[Event "Aut_2. Bundesliga Ost 2005/06"]
[Site "?"]
[Date "2005.11.19"]
[Round "3.5"]
[White "Petran, Peter"]
[Black "Dudas, Jan"]
[Result "1-0"]
[WhiteElo "2342"]
[BlackElo "2287"]
[PlyCount "81"]
[EventDate "2005.10.08"]

1. g3 d5 2. Bg2 g6 3. d3 Bg7 4. Nf3 e5 5. Nbd2 Ne7 6. O-O O-O 7. e4 d4 8. Nh4
Nbc6 9. f4 exf4 10. gxf4 f5 11. a3 fxe4 12. dxe4 d3 13. Ndf3 dxc2 14. Qxc2 Nd4
15. Nxd4 Bxd4+ 16. Kh1 Nc6 17. Qc4+ Kh8 18. Nf3 Bg7 19. e5 Bf5 20. Qb3 Qc8 21.
Be3 Be6 22. Qc3 Nd8 23. Ng5 Bg8 24. Bh3 Qb8 25. Rac1 h6 26. Nf3 Be6 27. Bg2 Rf7
28. Nh4 Bf5 29. Nxf5 gxf5 30. Qc4 c6 31. Bc5 Qc8 32. Rcd1 Rd7 33. Rde1 b5 34.
Qc2 Ne6 35. Bd6 c5 36. Qxf5 Nd4 37. Qe4 Rb8 38. Bxb8 Qxb8 39. f5 Qe8 40. f6 Bf8
41. e6 1-0

[Event "Aut_2. Bundesliga Ost 2005/06"]
[Site "?"]
[Date "2005.11.19"]
[Round "3.5"]
[White "Dueckstein, Andreas"]
[Black "Brod, Manfred"]
[Result "1/2-1/2"]
[WhiteElo "2290"]
[BlackElo "2266"]
[PlyCount "38"]
[EventDate "2005.10.08"]

1. e4 e6 2. d4 d5 3. Nc3 Nf6 4. exd5 exd5 5. Bg5 Be7 6. Bd3 Nc6 7. Nge2 Nb4 8.
Ng3 Nxd3+ 9. Qxd3 O-O 10. O-O h6 11. Bf4 c6 12. Rfe1 Be6 13. Nd1 Qd7 14. Ne3
Rfe8 15. f3 Bf8 16. Re2 g6 17. Rae1 Nh7 18. Ngf1 Bg7 19. h3 b6 1/2-1/2

[Event "Aut_2. Bundesliga Ost 2005/06"]
[Site "?"]
[Date "2005.11.19"]
[Round "3.5"]
[White "Riedner, Martin"]
[Black "Pachta, Paul"]
[Result "0-1"]
[WhiteElo "2233"]
[BlackElo "2188"]
[PlyCount "122"]
[EventDate "2005.10.08"]

1. d4 Nf6 2. Nf3 c5 3. d5 e6 4. Nc3 b5 5. Bg5 Qa5 6. Bxf6 gxf6 7. e4 b4 8. Nb1
Ba6 9. Bxa6 Nxa6 10. Nbd2 Nc7 11. Nc4 Qa6 12. Qd3 f5 13. dxe6 Qxe6 14. e5 d5
15. Ncd2 Be7 16. O-O O-O 17. Rfe1 Kh8 18. Qf1 Rg8 19. a3 bxa3 20. Rxa3 Rg4 21.
Rea1 a6 22. Ra4 Rag8 23. g3 f4 24. h3 R4g6 25. Rxf4 d4 26. Re4 Nd5 27. Kh2 Rh6
28. h4 Qg6 29. Qh3 Nb4 30. Ne1 Bd8 31. c3 dxc3 32. bxc3 Nd5 33. Rc4 Nb6 34. Re4
Nd5 35. Rc4 Nxc3 36. Nef3 Nd5 37. Rf4 Nc3 38. Rc4 Nb5 39. Rf4 Nc3 40. Rc4 Nd5
41. Rxc5 Nf4 42. gxf4 Bxh4 43. Rg1 Bg3+ 44. fxg3 Rxh3+ 45. Kxh3 Qg4+ 46. Kh2
Rg6 47. Nh4 Rh6 48. Rcc1 a5 49. Rg2 a4 50. Ne4 Rxh4+ 51. Kg1 Rh6 52. Nd6 Kg7
53. Ra1 Rh3 54. Kf2 Qd7 55. Rgg1 Rh2+ 56. Kf3 h5 57. Rgb1 Qc6+ 58. Ne4 Qc2 59.
Re1 Qb3+ 60. Re3 Qb2 61. Rg1 a3 0-1

[Event "Aut_2. Bundesliga Ost 2005/06"]
[Site "?"]
[Date "2005.11.19"]
[Round "3.5"]
[White "Kirschner, Alexander"]
[Black "Wutzlhofer, Robert"]
[Result "1-0"]
[WhiteElo "2201"]
[BlackElo "2080"]
[PlyCount "137"]
[EventDate "2005.10.08"]

1. c4 Nf6 2. Nc3 g6 3. g3 Bg7 4. Bg2 O-O 5. d4 d6 6. Nf3 c6 7. O-O Nbd7 8. h3
e5 9. e4 Qe7 10. Be3 Nh5 11. Re1 h6 12. Rc1 Kh7 13. Rc2 a5 14. Rd2 Rb8 15. dxe5
dxe5 16. Qe2 Nc5 17. Red1 Be6 18. Rd6 Na6 19. Bb6 Nc7 20. c5 Ra8 21. b3 Rfe8
22. Kh2 Rf8 23. Nh4 Rfe8 24. Nf5 gxf5 25. Qxh5 f4 26. Bf3 Nb5 27. Nxb5 cxb5 28.
Bg4 Qf6 29. Bf5+ Kg8 30. R1d2 Bf8 31. Qg4+ Qg5 32. Bxe6 Rxe6 33. Rxe6 Qxg4 34.
hxg4 fxe6 35. Rd7 Rc8 36. gxf4 exf4 37. Rxb7 Bxc5 38. Kg2 a4 39. Bc7 axb3 40.
axb3 f3+ 41. Kxf3 Rf8+ 42. Kg3 Bxf2+ 43. Kg2 Be3 44. Rxb5 Bf4 45. e5 Kg7 46. b4
Rf7 47. Rc5 Be3 48. Rc4 Rf2+ 49. Kg3 Rb2 50. Kf3 Bd2 51. Bd6 Kg6 52. Bc5 h5 53.
gxh5+ Kxh5 54. Bd6 Rb3+ 55. Ke2 Bg5 56. Kd1 Rb2 57. Rc2 Rb3 58. Rh2+ Kg4 59.
Kc2 Ra3 60. Kb2 Ra7 61. Rg2+ Kf5 62. Rxg5+ Kxg5 63. Kb3 Kf5 64. Kc4 Ke4 65. b5
Ra1 66. b6 Rc1+ 67. Kb5 Kd5 68. b7 Rb1+ 69. Bb4 1-0

[Event "Aut_2. Bundesliga Ost 2005/06"]
[Site "?"]
[Date "2005.11.19"]
[Round "3.5"]
[White "Savio, Alfred"]
[Black "Lovrinovic, Christian"]
[Result "1-0"]
[WhiteElo "2036"]
[BlackElo "2184"]
[PlyCount "57"]
[EventDate "2005.10.08"]

1. d4 Nf6 2. Nf3 g6 3. Nc3 d5 4. Bf4 Bg7 5. e3 O-O 6. Be2 c6 7. O-O Nbd7 8. Ne5
Nb6 9. h3 Be6 10. a4 a5 11. Bd3 Nh5 12. Bh2 f6 13. Nxg6 hxg6 14. Bxg6 Bf7 15.
Qxh5 Bxg6 16. Qxg6 Qd7 17. Rad1 f5 18. Be5 Rf7 19. Ne2 Nc4 20. b3 Nxe5 21. dxe5
e6 22. c4 Kh8 23. cxd5 cxd5 24. f4 Bf8 25. Nd4 Re8 26. Rc1 Ba3 27. Rc2 Ree7 28.
Ra1 Bb4 29. Rac1 1-0

[Event "Aut_2. Bundesliga Ost 2005/06"]
[Site "?"]
[Date "2005.11.19"]
[Round "3.6"]
[White "Timoscenko, Gennadij"]
[Black "Wippermann, Till"]
[Result "1-0"]
[WhiteElo "2518"]
[BlackElo "2446"]
[PlyCount "77"]
[EventDate "2005.10.08"]

1. d4 c5 2. d5 e5 3. e4 d6 4. Nc3 Be7 5. Be2 Bg5 6. Nf3 Bxc1 7. Qxc1 Bg4 8.
Bb5+ Bd7 9. a4 Nf6 10. Nd2 O-O 11. O-O Nh5 12. Nc4 Bc8 13. Ne3 g6 14. Qd1 Qg5
15. Be2 Ng7 16. Nc4 Qe7 17. Qd2 Nd7 18. f4 exf4 19. Qxf4 Ne5 20. Nxe5 dxe5 21.
Qe3 Ne8 22. Rad1 Qd6 23. Nb5 Qb6 24. Qc3 a6 25. a5 Qd8 26. Na3 Nd6 27. Bf3 f5
28. Qxc5 fxe4 29. Be2 Bf5 30. g4 Rc8 31. Qb4 Qg5 32. Kh1 Bxg4 33. Rg1 Rf3 34.
Qxd6 Rcf8 35. Nc4 Rf2 36. Rxg4 Qh5 37. Qxe5 Qh3 38. Rdg1 Rxe2 39. Rxg6+ 1-0

[Event "Aut_2. Bundesliga Ost 2005/06"]
[Site "?"]
[Date "2005.11.19"]
[Round "3.6"]
[White "Plachetka, Jan"]
[Black "Schroll, Gerhard"]
[Result "0-1"]
[WhiteElo "2439"]
[BlackElo "2362"]
[PlyCount "74"]
[EventDate "2005.10.08"]

1. c4 e6 2. Nf3 Nf6 3. Nc3 d5 4. d4 Be7 5. Bg5 O-O 6. e3 h6 7. Bxf6 Bxf6 8. Qc2
c6 9. O-O-O Nd7 10. g4 g6 11. h4 Bg7 12. Kb1 Qe7 13. Bd3 dxc4 14. Bxc4 a6 15.
Ne4 b6 16. Ng3 b5 17. Bd3 c5 18. h5 g5 19. Be4 Rb8 20. Rhe1 c4 21. d5 exd5 22.
Rxd5 Nf6 23. Re5 Qc7 24. Nf5 Nxg4 25. Re7 Qc5 26. N3d4 Nf6 27. f4 b4 28. fxg5
b3 29. axb3 Bxf5 30. Nxf5 Nxe4 31. Qxe4 cxb3 32. Nxh6+ Kh8 33. Rf1 Qa5 34.
Nxf7+ Rxf7 35. Re8+ Bf8 36. Rxf8+ Rbxf8 37. Qd4+ Kg8 0-1

[Event "Aut_2. Bundesliga Ost 2005/06"]
[Site "?"]
[Date "2005.11.19"]
[Round "3.6"]
[White "Neulinger, Manfred"]
[Black "Beckhuis, Gernod"]
[Result "0-1"]
[WhiteElo "2323"]
[BlackElo "2328"]
[PlyCount "90"]
[EventDate "2005.10.08"]

1. e4 e5 2. Nf3 Nc6 3. Bb5 Nf6 4. O-O Nxe4 5. d4 Nd6 6. Bxc6 dxc6 7. dxe5 Nf5
8. Qxd8+ Kxd8 9. h3 Ne7 10. b3 Ng6 11. Bb2 a5 12. a4 Nf4 13. Kh2 h5 14. Nc3 h4
15. Rad1+ Ke8 16. Rd4 Ng6 17. Ne2 c5 18. Rd2 Rh5 19. c4 Bf5 20. Nfg1 Bd7 21. g4
hxg3+ 22. Nxg3 Rh4 23. N3e2 Ne7 24. f4 Be6 25. Ng3 Nf5 26. Bc3 Be7 27. Rf3 Nxg3
28. Kxg3 g6 29. Rff2 Rh5 30. Rh2 Bh4+ 31. Kf3 Be1 32. Rd3 Bxc3 33. Rxc3 Rd8 34.
h4 Rd1 35. Ne2 Rd2 36. Ke3 Rb2 37. Rh1 Bg4 38. Ng3 Rh8 39. Ne4 Re2+ 40. Kd3 Ke7
41. Rg1 Rd8+ 42. Nd6 Bh5 43. Rg5 Rh2 44. Ke4 cxd6 45. exd6+ Rxd6 0-1

[Event "Aut_2. Bundesliga Ost 2005/06"]
[Site "?"]
[Date "2005.11.19"]
[Round "3.6"]
[White "Staudner, Oliver"]
[Black "Posch, Werner"]
[Result "1-0"]
[WhiteElo "2380"]
[BlackElo "2250"]
[PlyCount "131"]
[EventDate "2005.10.08"]

1. e4 Nf6 2. e5 Nd5 3. d4 d6 4. Nf3 dxe5 5. Nxe5 Nd7 6. Nf3 N7f6 7. c4 Nb6 8.
h3 c6 9. Bf4 Bf5 10. Nc3 e6 11. Be2 Be7 12. O-O h6 13. Qb3 O-O 14. Rfd1 Qc8 15.
a4 Nbd7 16. a5 Ne4 17. Ne5 Nxe5 18. Bxe5 Rd8 19. c5 Nxc3 20. bxc3 a6 21. Ra4
Rd7 22. Rb4 Bd8 23. Ra1 Ra7 24. Bf3 Kh7 25. Qd1 Bc7 26. Qe2 Qd8 27. Bxc7 Qxc7
28. Qe3 Ra8 29. Ra2 Qd8 30. Rab2 Ra7 31. Rb6 Qf6 32. Kh2 g5 33. g3 Bg6 34. Kg2
Qg7 35. Rd2 Ra8 36. Rdb2 Ra7 37. R2b4 Qf6 38. Qe2 Bf5 39. Kh2 Bg6 40. Bg2 h5
41. Qe3 Qf5 42. Rb2 Qf6 43. f4 gxf4 44. gxf4 h4 45. Bf3 Kg7 46. Rg2 Kf8 47. Qe5
Ke7 48. Rg4 Qxe5 49. fxe5 Bh5 50. Rf4 Bxf3 51. Rxf3 Ra8 52. Rf4 Rh8 53. Rb2 Rh7
54. Rg4 Rc7 55. Rg8 Rh5 56. Rf2 Rd7 57. Rf4 Rf5 58. Rxh4 Rf2+ 59. Kg1 Ra2 60.
Rhh8 Rd5 61. Rb8 Rxa5 62. Rxb7+ Rd7 63. Rbb8 Ra7 64. Rbe8+ Kd7 65. Rd8+ Kc7 66.
Rdf8 1-0

[Event "Aut_2. Bundesliga Ost 2005/06"]
[Site "?"]
[Date "2005.11.19"]
[Round "3.6"]
[White "Wiedner, Robert"]
[Black "Vokroj, Rene"]
[Result "1-0"]
[WhiteElo "2181"]
[BlackElo "2303"]
[PlyCount "103"]
[EventDate "2005.10.08"]

1. d4 Nf6 2. Nf3 e6 3. c4 b6 4. g3 Bb7 5. Bg2 Bb4+ 6. Bd2 a5 7. O-O O-O 8. Nc3
d5 9. cxd5 exd5 10. a3 Bd6 11. Rc1 c6 12. Re1 Nbd7 13. e4 dxe4 14. Ng5 Nd5 15.
Ngxe4 Be7 16. Nxd5 cxd5 17. Nc3 Nf6 18. Bf4 Bd6 19. Bxd6 Qxd6 20. Re5 Bc6 21.
Qb3 Ng4 22. Rh5 Nf6 23. Rg5 Rfd8 24. Qxb6 Nd7 25. Qb3 h6 26. Rh5 Nf6 27. Re5
Rab8 28. Qc2 Rb6 29. Na2 Bb5 30. b4 Rc6 31. Qb2 Bc4 32. b5 Rb8 33. Nc3 Bxb5 34.
Nxd5 Bc4 35. Ne7+ Kf8 36. Qxb8+ Qxb8 37. Nxc6 Qb2 38. Rxc4 Ng4 39. h3 Qxf2+ 40.
Kh1 Nxe5 41. Nxe5 f6 42. Rc8+ Ke7 43. Nc6+ Kf7 44. Rc7+ Kg8 45. Ne7+ Kf8 46.
Ng6+ Kg8 47. Kh2 Qxd4 48. h4 h5 49. Nf4 Kh7 50. Rxg7+ Kh8 51. Rb7 Qc4 52. Ng6+
1-0

[Event "Aut_2. Bundesliga Ost 2005/06"]
[Site "?"]
[Date "2005.11.19"]
[Round "3.6"]
[White "Bukacek, Emil"]
[Black "Todor, Razvan"]
[Result "1/2-1/2"]
[WhiteElo "2259"]
[BlackElo "2181"]
[PlyCount "35"]
[EventDate "2005.10.08"]

1. e4 c5 2. Nc3 e6 3. g3 Nc6 4. Bg2 Nge7 5. Nf3 g6 6. d4 cxd4 7. Nxd4 a6 8. Be3
Bg7 9. O-O O-O 10. h3 Qc7 11. Nxc6 bxc6 12. Bf4 e5 13. Bg5 d6 14. Qd3 Be6 15.
Na4 f6 16. Be3 f5 17. Rad1 Nc8 18. exf5 1/2-1/2

[Event "Aut_2. Bundesliga Ost 2005/06"]
[Site "?"]
[Date "2005.11.20"]
[Round "4.1"]
[White "Alvir, Aco"]
[Black "Staudner, Oliver"]
[Result "1/2-1/2"]
[WhiteElo "2393"]
[BlackElo "2380"]
[PlyCount "86"]
[EventDate "2005.10.08"]

1. e4 e6 2. d4 d5 3. Nc3 Nf6 4. Bg5 Bb4 5. e5 h6 6. Bd2 Bxc3 7. Bxc3 Ne4 8. Bd2
c5 9. Be3 cxd4 10. Bxd4 Nc6 11. c3 O-O 12. f3 Nxd4 13. Qxd4 Ng5 14. h4 Nh7 15.
f4 Qc7 16. Nf3 b6 17. Bd3 Bd7 18. O-O Rac8 19. Rf2 Qc5 20. Re1 Rfd8 21. g4 Nf8
22. f5 Qxd4 23. Nxd4 Re8 24. Re3 Rc7 25. f6 g6 26. Rh2 Rb8 27. Rc2 b5 28. a3
Bc6 29. g5 h5 30. Rf2 Kh7 31. Rf4 Nd7 32. Ne2 Nc5 33. Bc2 Be8 34. Rd4 Kg8 35.
Nf4 Rb6 36. Kf2 Nb7 37. Bd1 Nd8 38. Bf3 Rc4 39. b3 Rxd4 40. cxd4 Nc6 41. Rc3 b4
42. axb4 Rxb4 43. Ne2 Kf8 1/2-1/2

[Event "Aut_2. Bundesliga Ost 2005/06"]
[Site "?"]
[Date "2005.11.20"]
[Round "4.1"]
[White "Rogetzer, Klaus"]
[Black "Froschauer, Hans"]
[Result "1/2-1/2"]
[WhiteElo "2141"]
[BlackElo "2140"]
[PlyCount "72"]
[EventDate "2005.10.08"]

1. d4 Nf6 2. c4 g6 3. Nc3 Bg7 4. e4 d6 5. f3 Nbd7 6. Nh3 O-O 7. Be2 e5 8. d5
Nc5 9. Nf2 a5 10. Bg5 h6 11. Be3 Nh5 12. g3 Qe7 13. Qd2 Kh7 14. O-O-O f5 15.
exf5 gxf5 16. f4 Nf6 17. fxe5 dxe5 18. d6 cxd6 19. Qxd6 Qxd6 20. Rxd6 Ne6 21.
Na4 Nd4 22. Bd3 Ra6 23. Nb6 Ne8 24. c5 Nxd6 25. Bxa6 N6b5 26. Bxb5 Nxb5 27.
Nxc8 Rxc8 28. Kb1 Bf8 29. Rd1 Bxc5 30. Rd7+ Kg6 31. Bxc5 Rxc5 32. Nd3 Rc7 33.
Rd5 Na7 34. Rd6+ Kg7 35. Nxe5 Re7 36. Nd3 Nb5 1/2-1/2

[Event "Aut_2. Bundesliga Ost 2005/06"]
[Site "?"]
[Date "2005.11.20"]
[Round "4.2"]
[White "Papp, Gabor"]
[Black "Timoscenko, Gennadij"]
[Result "1/2-1/2"]
[WhiteElo "2474"]
[BlackElo "2518"]
[PlyCount "63"]
[EventDate "2005.10.08"]

1. e4 e5 2. Nf3 Nc6 3. Bb5 a6 4. Ba4 Nf6 5. O-O Be7 6. Re1 b5 7. Bb3 d6 8. c3
O-O 9. h3 Na5 10. Bc2 c5 11. d4 Qc7 12. Nbd2 cxd4 13. cxd4 Nc6 14. Nb3 a5 15.
Be3 a4 16. Nbd2 Bd7 17. Rc1 Qb7 18. Qe2 Rfe8 19. a3 Bd8 20. Bd3 Rb8 21. dxe5
Nxe5 22. Bb1 Nxf3+ 23. Qxf3 Bc6 24. Bd4 Ba5 25. Bxf6 Bxd2 26. Qg3 g6 27. Qxd6
Bxc1 28. Rxc1 Re6 29. Qf4 Rxf6 30. Qxf6 Bxe4 31. Bxe4 Qxe4 32. Rc5 1/2-1/2

[Event "Aut_2. Bundesliga Ost 2005/06"]
[Site "?"]
[Date "2005.11.20"]
[Round "4.2"]
[White "Schroll, Gerhard"]
[Black "Petran, Peter"]
[Result "0-1"]
[WhiteElo "2362"]
[BlackElo "2342"]
[PlyCount "52"]
[EventDate "2005.10.08"]

1. c4 g6 2. Nc3 Bg7 3. g3 c5 4. Bg2 Nc6 5. e4 e5 6. Nge2 d6 7. d3 Be6 8. Be3
Qd7 9. h3 Rb8 10. Qd2 a6 11. f4 Nge7 12. g4 exf4 13. Nxf4 b5 14. Nxe6 fxe6 15.
O-O h5 16. gxh5 gxh5 17. cxb5 axb5 18. Qf2 Kd8 19. Qh4 Bd4 20. Bxd4 Nxd4 21.
Rf7 b4 22. Nd1 Qe8 23. Rf2 Kd7 24. Ne3 Ng6 25. Qg5 Ne5 26. Nc4 Nef3+ 0-1